000 00201nam a2200097Ia 4500
008 220204s9999 xx 000 0 und d
082 _a82-3
_bMAT
100 _aAnne
245 0 _aRiver room
942 _cBK
999 _c32453
_d32453